Statistiques concernant Premier ministre français pour chaque mandat de président

Cliquez ici pour prendre le quiz!

Statistiques générales

  • Ce quiz a été pris 96 fois
  • Le résultat moyen est 11 sur 12

Statistiques - réponses

PrésidentPremier ministre% Correct
Emmanuel MacronÉdouard Philippe / Jean Castex
100%
Emmanuel MacronÉlisabeth Borne
99%
François HollandeJean-Marc Ayrault / Manuel Valls / Bernard Cazeneuve
96%
Nicolas SarkozyFrançois Fillon
95%
François MitterrandPierre Mauroy / Laurent Fabius / Jacques Chirac
95%
Jacques ChiracAlain Juppé / Lionel Jospin
94%
François MitterrandMichel Rocard / Édith Cresson / Pierre Bérégovoy / Édouard Balladur
91%
Charles de GaulleMichel Debré / Georges Pompidou
88%
Jacques ChiracJean-Pierre Raffarin / Dominique de Villepin
80%
Charles de GaulleGeorges Pompidou / Maurice Couve de Murville
79%
Valéry Giscard d'EstaingJacques Chirac / Raymond Barre
73%
Georges PompidouJacques Chaban-Delmas / Pierre Messmer
66%

Distribution des résultats

Percentile par nombre de réponses

% des personnes avec chaque résultat

Votre développement - résultats

Vous n’avez pas pris ce quiz